Former Soviet States on a Map - Statistics

General Stats
  • This quiz has been taken 62 times
  • The average score is 12 of 15
Answers on the Map
Answers color-coded by a green-red scale on the quiz's map according to % correct below.
 
Answer Stats
Answer % Correct
Estonia
93%
Russia
93%
Armenia
86%
Belarus
86%
Ukraine
86%
Moldova
83%
Georgia
81%
Kazakhstan
81%
Latvia
81%
Lithuania
81%
Azerbaijan
74%
Turkmenistan
74%
Kyrgyzstan
69%
Tajikistan
69%
Uzbekistan
67%
No matching quizzes found
Score Distribution
Percent of People with Each Score
Percentile by Number Answered
Your Score History
You have not taken this quiz